[Event "Aktobe U14 op"]
[Site "Aqtobe"]
[Date "2022.06.18"]
[Round "6"]
[White "Sagynbayev, Nurislam"]
[Black "Akhmet, Suleyman"]
[Result "1/2-1/2"]
[WhiteElo "1245"]
[BlackElo "1457"]
[PlyCount "67"]
[EventDate "2022.06.14"]
[EventType "swiss"]
[EventRounds "9"]
[EventCountry "KAZ"]
[SourceTitle "EXT 2023"]
[Source "ChessBase"]
[SourceDate "2022.10.05"]
[SourceVersion "1"]
[SourceVersionDate "2022.10.05"]
[SourceQuality "1"]

1. e4 Nf6 2. Nc3 d5 3. exd5 Nxd5 4. Nf3 g6 5. Be2 Bg7 6. 0-0 0-0 7. Nxd5 Qxd5 8. d4 c6 9. c3 Rd8 10. Bf4 Bf5 11. Qb3 Qxb3 12. axb3 Nd7 13. b4 Be6 14. Rfe1 h6 15. Bf1 Re8 16. Bg3 Bd5 17. Ne5 Bxe5 18. Bxe5 g5 19. h3 a6 20. g4 Nb6 21. Bg2 Bxg2 22. Kxg2 f6 23. Bg3 Kf7 24. Re2 h5 25. Rae1 Nd5 26. Bh2 hxg4 27. hxg4 a5 28. bxa5 Rxa5 29. c4 Nb6 30. Bc7 Ra6 31. Bxb6 Rxb6 32. Rh1 Kg7 33. Rhe1 Kf7 34. Rh1 1/2-1/2